000 00344nam a2200121Ia 4500
008 191201s2018 xx 000 0 und d
100 _aGupta,Jyoti & Other
245 0 _aPharmaceutical inorganic Chemistry
260 _bNirali Parkashan
_aNew Delhi
_c2018
300 _aMisc.
650 _aPharmaceutical inorganic Chemistry
942 _2ddc
_cBK
_038
999 _c8340
_d8340